Ley 21 de 1991: (Registro nro. 8606)
[ vista simple ]
| 000 -CABECERA | |
|---|---|
| Campo de control | 00917nam a22002177a 4500 |
| 005 - FECHA Y HORA DE LA ULTIMA TRANSACCION | |
| Campo de control | 20140829104150.0 |
| 008 - ELEMENTOS DE LONGITUD FIJA—INFORMACION GENERAL | |
| Campo de control | 150814|2012 ck spa |
| 020 ## - ISBN | |
| ISBN | 9789581803866 |
| 041 ## - IDIOMA | |
| Código de idioma para texto/pista de sonido o título separado | Español |
| 044 ## - PAÍS DE PUBLICACIÓN | |
| País de publicación | Colombia |
| 082 ## - NUMERO DE CLASIFICACION DECIMAL DEWEY | |
| Número de clasificación | 323.3 |
| Número del ítem | C71l |
| 110 ## - ASIENTO PRINCIPAL--NOMBRE CORPORATIVO | |
| Nombre corporativo o de jurisdicción como elemento de entrada | Colombia |
| Unidad subordinad | Programa Presidencial para la formulación de estrategias y acciones para el Desarrollo Integral de los Pueblos Indígenas de Colombia |
| 245 ## - MENCION DE TITULO | |
| Título | Ley 21 de 1991: |
| Parte restante del título | Declaración de las Naciones Unidas sobre los Derechos de los Pueblos Indígenas/ |
| 260 ## - PUBLICACION, DISTRIBUCION, ETC. (PIE DE IMPRENTA) | |
| Lugar de publicación, distribución, etc. | Bogotá D.C |
| Nombre del editor, distribuidor, etc. | Presidencia República de Colombia |
| -- | Vicepresidencia República de Colombia |
| Fecha de publicación, distribución, etc. | 2012 |
| 300 ## - DESCRIPCION FISICA | |
| Extensión | 44 p. |
| Otros detalles físicos | Fot (col). |
| Dimensiones | 28 cm. |
| 490 ## - MENCION DE SERIE | |
| Mención de serie | Colección Cuadernos Legislación y Pueblos Indígenas de Colombia |
| Designación numérica/secuencial del volumen | 1 |
| 650 #6 - ASIENTO SECUNDARIO DE MATERIA - TERMINO TEMATICO | |
| Término temático o nombre geográfico como elemento de entrada | Derechos humanos |
| 650 #6 - ASIENTO SECUNDARIO DE MATERIA - TERMINO TEMATICO | |
| Término temático o nombre geográfico como elemento de entrada | Derechos de los indígenas |
| 650 #6 - ASIENTO SECUNDARIO DE MATERIA - TERMINO TEMATICO | |
| Término temático o nombre geográfico como elemento de entrada | Indígenas de Colombia |
| 942 ## - ELEMENTOS ADICIONALES (KOHA) | |
| Sistema de clasificación | Dewey Decimal Classification |
| Tipo de ítem | Libro |
| Withdrawn status | Lost status | Sistema de Clasificación | Damaged status | No para préstamo | Colección | Inventariado | Ubicación Permanente | Ubicación actual | Fecha de adquisición | Fuente de Valor | Valor | Total Checkouts | Número topográfico | Inventario / Código de Barras | Date last seen | Ejemplar | Price effective from | Forma de adquisición | Tipo de material |
|---|---|---|---|---|---|---|---|---|---|---|---|---|---|---|---|---|---|---|---|
| Dewey Decimal Classification | General | Inventariado 2017 | Bogotá | Bogotá | 12/08/2014 | Instituto | 39000.00 | LB-323.3 C71l | 029589 | 12/08/2014 | Ej. 1 | 12/08/2014 | Libro |